000 02798nam1a2200361 i 4500
001 RU\NLR\BIBL_A\011664503
005 20241103095921.0
010 _a9785776513732
_924
035 _a(NLR Aleph) 011664503
090 _a11200339
_c11200339
100 _a20180326d2018 k y0rusy50 ca
101 0 _arus
102 _aRU
105 _aa z 100 y
200 1 _aРегиональные аспекты развития науки и образования в области архитектуры, строительства, землеустройства и кадастров в начале III тысячелетия
_eматериалы V Международной научно-практической конференции, Комсомольск-на-Амуре, 29-30 ноября 2017 года
_e[в 2 ч.]
_fМинистерство образования и науки Российской Федерации, Федеральное государственное бюджетное образовательное учреждение высшего образования "Комсомольский-на-Амуре государственный университет", Факультет кадастра и строительства
_g[редакционная коллегия: О.Е. Сысоев, д.т.н., проф., отв. ред., Хейн Вин Зо, д.т.н., проф. (Республика Союз Мьянма), О.Ю. Цветков, к.геогр. н., доц.]
210 _aКомсомольск-на-Амуре
_cКомсомольский-на-Амуре государственный университет
_d2018
215 _d21
320 _aБиблиогр. в конце ст.
606 _aСтроительное дело
_jСъезды, совещания и т.п
_91024046
_3RU\NLR\AUTH\6674089
606 _aАрхитектура
_jСъезды, совещания и т.п
_9992079
_3RU\NLR\AUTH\6657014
606 1 _aЗемлеустройство
_jСъезды, совещания и т.п
_yРоссийская Федерация
_92158688
_3RU\NLR\AUTH\661299310
686 1 _aЩ11я431
686 1 _aН.я431(0)
686 1 _aХ625.5я431
686 1 _aУ32(2)-513(2Р)я431
702 1 _aСысоев
_bО. Е.
_f1961-
_gОлег Евгеньевич
_4340
702 1 _4340
_7ca
_8rus
_aХейн Вин Зо
_f1979-
_9218909
_3RU\NLR\AUTH\770218965
712 0 2 _4570
_aКомсомольский-на-Амуре государственный технический университет
_bФакультет кадастра и строительства
_9511174
_3RU\NLR\AUTH\880423213
852 _aNLR
_j2018-3/8211
942 _cBOOK